نحن والعالم الجديد : (Record no. 14212)
[ view plain ]
| 000 -الفاتح | |
|---|---|
| حقل البيانات ثابتة الطول | 00764cam a22001577a 4500 |
| 008 - عناصر البيانات ثابتة الطول - معلومات عامة | |
| حقل البيانات ثابتة الطول | 100624t1995 xxu||||| |||| 00| 0 ara d |
| 082 ## - رقم تصنيف ديوى العشرى | |
| رقم الطبعة | 22 |
| رقم التصنيف | 320.956 |
| رقم المادة | ع ب د |
| 245 ## - بيان العنوان | |
| العنوان | نحن والعالم الجديد : |
| بقية العنوان | محاولة وطنية لفهم التطورات العالمية / |
| بيان المسئوليه,etc | أحمد عبد الله. |
| 260 ## - PUBLICATION, DISTRIBUTION, ETC. (IMPRINT) | |
| مكان الناشر او الموزع | القاهرة : |
| اسم الناشر او الموزع | مركزالمحروسة للبحوث والتدريب والمعلومات ، |
| تاريخ النشر أو التوزيع | 1995. |
| 300 ## - الوصف المادى | |
| التعداد | 167ص ؛ |
| أبعاد الوعاء | 24سم. |
| 490 ## - بيان السلسلة | |
| -- | 15191 |
| عنوان السلسلة | ؛كتاب المحروسة |
| رقم المجلد/ التعيين التسلسلي | 11 |
| 504 ## - تبصرة ببليوجرافية | |
| تبصرة ببليوجرافية,الخ | يحتوى على إرجاعات ببليوجرافية |
| 541 ## - تبصرة المصدر المباشر للتزويد | |
| مصدر التزويد | جمعية الرعاية المتكاملة ؛ |
| طريقة التزويد | إهداء ؛ |
| 650 ## - المدخل الاضافى بالموضوع-مصطلح موضوعى | |
| 9 (RLIN) | 16290 |
| مصطلح موضوعي أو اسم جغرافي كعنصر مدخل | الاستعمار في البلاد العربية |
| 942 ## - عناصر المدخل الإضافي( كوها) | |
| مصدر التصنيف او مخطط الترفيف | Dewey Decimal Classification |
| Koha [default] item type | Book - Borrowing |
| حالة التراجع | حالة الفقد | مصدر التصنيف او خطة الترفيف | حالة تلف | ليس للاعارة | مجموعات كوها | المكان الدائم | المكان الحالي | موقع الترفيف | تاريخ الاكتساب | Source of acquisition | رقم الاستدعاء | الباركود | Date last seen | نوع الوعاء |
|---|---|---|---|---|---|---|---|---|---|---|---|---|---|---|
| Dewey Decimal Classification | Donation-Gift | Central Library | Central Library | First floor | 24/06/2010 | Donation | 320.956 ع ب د | 000021199 | 15/07/2025 | Book - Borrowing |